Score 0/35 Timer 05:00
0 Plays Today
Hint Answer % Correct
5 squared25
88.4%
10 squared100
88.2%
4 squared16
87.3%
8 squared64
86.7%
4 cubed64
86.7%
6 squared 36
86.4%
9 squared81
84.8%
7 squared49
82.5%
11 squared121
81.7%
12 squared144
81.3%
10 cubed1000
80.9%
3 cubed27
79.7%
15 squared225
79.6%
20 squared400
79.6%
5 cubed125
78.5%
14 squared196
77.8%
13 squared169
77.6%
25 squared 625
75.9%
Hint Answer % Correct
21 squared441
75%
18 squared324
74.3%
6 cubed216
73.7%
9 cubed729
73.5%
16 squared256
73.3%
22 squared484
73.2%
7 cubed 343
72.3%
17 squared289
71.7%
19 squared361
71.4%
24 squared576
70.9%
23 squared529
70.4%
8 cubed 512
70.3%
1 squared 1
60.4%
1 cubed1
60.4%
2 squared4
58.6%
3 squared9
58.3%
2 cubed8
57.5%
Remove Ads.
Support Sporcle.
Get the best of Sporcle when you Go Orange. This ad-free experience offers more features, more stats, and more fun while also helping to support Sporcle. Thank you for becoming a member.

You're not logged in!

Compare scores with friends on all Sporcle quizzes.
OR
Log In

Show Comments

Extras

Top Quizzes Today


Score Distribution

Your Account Isn't Verified!

In order to create a playlist on Sporcle, you need to verify the email address you used during registration. Go to your Sporcle Settings to finish the process.

Report this User

Report this user for behavior that violates our Community Guidelines.

Details: